000 01173cam a2200217 4500500
005 20260201130603.0
041 _afre
042 _adc
100 1 0 _aServat, Véronique
_eauthor
245 0 0 _aPhilippe Hanus, Carte de séjour. Un groupe rock dans la « douce France » des années 1980
260 _c2026.
500 _a25
520 _aLa 20e édition du festival Arabesques se tenait à Montpellier du 9 au 21 septembre 2025. Son affiche copieuse, présentant des spectacles de danse, d’humour et surtout de musique, confirmait sa réputation de plus importante manifestation européenne privée consacrée à la diversité artistique du monde arabe. Une belle occasion de revenir sur le parcours atypique et inspirant de Habib Dechraoui, fondateur de l’association UNi’SONS, puis concepteur et directeur du Festival Arabesques.
690 _aCarte de séjour
690 _agroupe
690 _amusique
690 _aRachid Taha
690 _arock
786 0 _nMondes & Migrations | - | 1 | 2026-01-06 | p. 207-208 | 3075-6812
856 4 1 _uhttps://shs.cairn.info/revue-mondes-migrations-2026-1-page-207?lang=fr&redirect-ssocas=7080
999 _c1642324
_d1642324